La isla del tesoro /

Guardado en:
Autor Principal: Stevenson, Robert Louis
Otros Autores: Baró, Gerardo; il.
Formato: Libro
Publicado: Buenos Aires : Clarín, 2014
Series:Grandes clásicos bilingües para chicos ; 2
Materias:
Etiquetas: Agregar Etiqueta
Sin Etiquetas, Sea el primero en etiquetar este registro!
LEADER 00975nam a22003135a 4500
001 CEM.cems014467
005 20140925163427.0
008 130507s2014##################000#0#####d
003 CEMS
020 |a 9789870728665 
082 0 4 |a 823.8 
100 1 |a Stevenson, Robert Louis 
245 1 0 |a La isla del tesoro /  |c Robert Louis Stevenson; ilustrado Por Gerardo Baró 
260 |a Buenos Aires :  |b Clarín,  |c 2014 
300 |a 42 p. 
490 0 |a Grandes clásicos bilingües para chicos ; 2 
500 |a Basado en la novela Robert Louis Stevensontexto en castellano e inglés 
653 |a Literatura 
653 |a Literatura inglesa 
653 |a Novelas 
653 |a Novelas inglesas 
653 |a Aventuras 
653 |a Narrativa inglesa 
653 |a Narrativa 
653 |a Novelas de aventuras 
653 |a Literatura juvenil 
653 |a Libros bilingue 
700 1 |a Baró, Gerardo; il. 
859 |a CEMS  |b BIB. CEMS - 11 de abril  |h 823.8  |i St48-10  |p 27037.14  |t Ej.1